<?xml version="1.0" encoding="UTF-8"?>
<record
    xmlns:xsi="http://www.w3.org/2001/XMLSchema-instance"
    xsi:schemaLocation="http://www.loc.gov/MARC21/slim http://www.loc.gov/standards/marcxml/schema/MARC21slim.xsd"
    xmlns="http://www.loc.gov/MARC21/slim">

  <leader>01483nam a22003137a 4500</leader>
  <controlfield tag="005">20111007141814.0</controlfield>
  <datafield tag="010" ind1=" " ind2=" ">
    <subfield code="a">G-001702</subfield>
  </datafield>
  <datafield tag="020" ind1=" " ind2=" ">
    <subfield code="a">9781426305016 (Pbk)</subfield>
    <subfield code="c">982.00</subfield>
  </datafield>
  <datafield tag="020" ind1=" " ind2=" ">
    <subfield code="a">9781426305013 (Hb)</subfield>
    <subfield code="c">982.00</subfield>
  </datafield>
  <datafield tag="035" ind1=" " ind2=" ">
    <subfield code="a">G-001702</subfield>
  </datafield>
  <datafield tag="037" ind1=" " ind2=" ">
    <subfield code="b">National Geographic Society, 1145 17th St. NW, Washington, DC 20036-4688</subfield>
  </datafield>
  <datafield tag="082" ind1="1" ind2="0">
    <subfield code="a">032.02</subfield>
    <subfield code="2">14</subfield>
  </datafield>
  <datafield tag="222" ind1=" " ind2="0">
    <subfield code="a">National Geographic kids almanac</subfield>
  </datafield>
  <datafield tag="245" ind1="0" ind2="0">
    <subfield code="a">National Geographic kids almanac 2010.</subfield>
  </datafield>
  <datafield tag="246" ind1="1" ind2=" ">
    <subfield code="a">Kids almanac 2010</subfield>
  </datafield>
  <datafield tag="260" ind1=" " ind2=" ">
    <subfield code="a">Washington, D.C. :</subfield>
    <subfield code="b">National Geographic,</subfield>
    <subfield code="c">c2010-</subfield>
  </datafield>
  <datafield tag="270" ind1=" " ind2=" ">
    <subfield code="a">National Geographic Society, 1145 17th St. NW, Washington, DC 20036-4688</subfield>
    <subfield code="b">Washington, DC</subfield>
  </datafield>
  <datafield tag="300" ind1=" " ind2=" ">
    <subfield code="a">351p. :</subfield>
    <subfield code="b">ill. (chiefly col.), col. maps ;</subfield>
    <subfield code="c">24 cm. (Hb)</subfield>
  </datafield>
  <datafield tag="500" ind1=" " ind2=" ">
    <subfield code="a">Includes index.</subfield>
  </datafield>
  <datafield tag="520" ind1=" " ind2=" ">
    <subfield code="a">Amazing animals will take readers into the wild and into the water. Discover cultural connections from food, currency, literature and lots more from around the world.</subfield>
  </datafield>
  <datafield tag="650" ind1=" " ind2="0">
    <subfield code="a">Almanacs, Children's</subfield>
    <subfield code="v">Juvenile literature.</subfield>
    <subfield code="9">35306</subfield>
  </datafield>
  <datafield tag="650" ind1=" " ind2="0">
    <subfield code="a">Almanacs, American</subfield>
    <subfield code="v">Juvenile literature.</subfield>
    <subfield code="9">35307</subfield>
  </datafield>
  <datafield tag="650" ind1=" " ind2="0">
    <subfield code="a">Curiosities and wonders</subfield>
    <subfield code="v">Juvenile literature.</subfield>
    <subfield code="9">35308</subfield>
  </datafield>
  <datafield tag="710" ind1="2" ind2=" ">
    <subfield code="a">National Geographic Society (U.S.)</subfield>
    <subfield code="9">35305</subfield>
  </datafield>
  <datafield tag="942" ind1=" " ind2=" ">
    <subfield code="2">ddc</subfield>
    <subfield code="c">CH</subfield>
    <subfield code="h">032.02</subfield>
    <subfield code="m">NAT</subfield>
  </datafield>
  <datafield tag="999" ind1=" " ind2=" ">
    <subfield code="c">57384</subfield>
    <subfield code="d">57384</subfield>
  </datafield>
  <datafield tag="952" ind1=" " ind2=" ">
    <subfield code="0">0</subfield>
    <subfield code="1">0</subfield>
    <subfield code="4">0</subfield>
    <subfield code="7">1</subfield>
    <subfield code="8">NFIC</subfield>
    <subfield code="a">JP</subfield>
    <subfield code="b">JP</subfield>
    <subfield code="d">2011-10-07</subfield>
    <subfield code="e">gift</subfield>
    <subfield code="g">982.00</subfield>
    <subfield code="l">0</subfield>
    <subfield code="o">032.02 NAT</subfield>
    <subfield code="p">G-001702</subfield>
    <subfield code="r">2011-10-07 00:00:00</subfield>
    <subfield code="t">1</subfield>
    <subfield code="v">982.00</subfield>
    <subfield code="w">2011-10-07</subfield>
    <subfield code="y">CH</subfield>
  </datafield>
</record>
